| 000 | 003400000a22001090004500 | ||
|---|---|---|---|
| 090 |
_aAS _bSeriadas |
||
| 245 | 1 | 0 | _aCompuestas de la real expedición botánica del nuevo Reino de Granada (<1783-1816>) |
| 041 | 0 | _aEspañol | |
| 100 | 1 |
_aDíaz Piedrahita, Santiago _995842 |
|
| 942 | _cARTICULO | ||
| 773 | 1 |
_tCaldasia _345 _h68-70 _q371-393 _d1986 _g14 |
|
| 999 |
_c14457 _d14457 |
||